| 000 | 00390cam a2200157ua 4500 | ||
|---|---|---|---|
| 041 |
_aeng _h |
||
| 082 |
_a828.09 _bMAX/PO |
||
| 100 | _aMaxwell, D.E.S . | ||
| 245 | 0 | 0 |
_aPoetry of T.S.Eliot / _cD.E.S.Maxwell. _hTextual Documents |
| 260 |
_aLondon : _bRoutledge & Kegan Paul Ltd , _c1961. |
||
| 300 | _a223 ; . | ||
| 504 | _a | ||
| 942 | _cBK | ||
| 999 |
_c859 _d859 |
||